000 00494nam a2200181Ia 4500
005 20250326124826.0
008 250326s9999 xx 000 0 und d
037 _aTextbook
040 _aFMSL
_beng
_cFMSL
041 _aeng
_2eng
084 _aX:8D K62
_qFMSL
100 _aWeston J F
245 0 _aScope and methodology of fice
_cWeston J F
260 _aNew Jersey
_bNew Jersey, Prentice-Hall
_c1966
300 _a143p
942 _cTB
_hX:8D K62
999 _c1275387
_d1275387